000 00307nam a2200109Ia 4500
008 180205s9999 xx 000 0 und d
020 _a9789712353550
100 _aAquino, Avelina M.
245 _aFacilitating Human learning /
260 _aRecto avenue city
_bREX book store
_c2009
300 _aii, 392 pages
999 _c354881
_d354881